Sports Quiz

Random Sports or Baseball Quiz

MLB Opening Day Starters (2010) Quiz Stats

Quiz Updated Feb 29, 2012

Challenge
Share
Tweet
Embed
Score 0/30 Timer 06:00
1 Play Today
matchup pitcher % Correct
BOS-NYYCC Sabathia
93.7%
PHI-WASRoy Halladay
88.2%
BOS-NYYJosh Beckett
86.6%
FLA-NYMJohan Santana
80.7%
STL-CINChris Carpenter
79.8%
SF-HOUTim Lincecum
76%
SEA-OAKFelix Hernandez
72.3%
DET-KCJustin Verlander
68.7%
FLA-NYMJosh Johnson
68.7%
CHC-ATLCarlos Zambrano
67%
DET-KCZack Greinke
66.3%
SF-HOURoy Oswalt
63.7%
CLE-CHWMark Buehrle
52%
COL-MILUbaldo Jimenez
48.4%
CHC-ATLDerek Lowe
45.9%
matchup pitcher % Correct
STL-CINAaron Harang
45.7%
BAL-TBJames Shields
44.7%
SD-ARIDan Haren
43%
MIN-LAAJered Weaver
42%
COL-MILYovani Gallardo
38.1%
SEA-OAKBen Sheets
34.6%
LAD-PITZach Duke
34.4%
TOR-TEXShaun Marcum
29.2%
CLE-CHWJake Westbrook
29%
BAL-TBKevin Millwood
28.8%
LAD-PITVicente Padilla
28.7%
PHI-WASJohn Lannan
28.7%
MIN-LAAScott Baker
27.7%
TOR-TEXScott Feldman
18.7%
SD-ARIJon Garland
15.5%

You're not logged in!

Compare scores with friends on all Sporcle quizzes.
Join for Free
OR
Log In

You Might Also Like...

Show Comments

Extras

Top Quizzes Today


Score Distribution

Your Account Isn't Verified!

In order to create a playlist on Sporcle, you need to verify the email address you used during registration. Go to your Sporcle Settings to finish the process.

Report this User

Report this user for behavior that violates our Community Guidelines.

Details: